Mass-transfer operations /

Guardado en:
Autor Principal: Treybal, Robert Ewald, 1915-
Formato: Libro
Idioma:English
Publicado: New York : McGraw-Hill, 1955.
Series:McGraw-Hill series in chemical engineering
Materias:
Etiquetas: Agregar Etiqueta
Sin Etiquetas, Sea el primero en etiquetar este registro!
LEADER 00688cam a22001935a 4500
001 EIQ.libpla002112
008 720223s1955####nyua#####b####001#0#eng#d
005 20070419194318.0
245 1 0 |a Mass-transfer operations /  |c [by] Robert E. Treybal. 
260 |a New York :  |b McGraw-Hill,  |c 1955. 
300 |a ix, 666 p. :  |b il. ;  |c 24 cm. 
440 0 |a McGraw-Hill series in chemical engineering 
504 |a Incluye referencias bibliográficas e índice. 
100 1 |a Treybal, Robert Ewald,  |d 1915- 
650 4 |a Procesos  |x Transferencia de masa. 
650 4 |a Process  |x Mass transfer. 
010 |a  55005699  
040 |a DLC  |c OCU  |d Uk  |d DLC  |d AR-BbSID 
859 |a AR-BbSID  |b BIB. PLAPIQUI  |h 660.284  |i T 71  |p 4622